Statistiques concernant Britanniques célèbres par images

Cliquez ici pour prendre le quiz!

Statistiques générales

  • Ce quiz a été pris 187 fois
  • Le résultat moyen est 13 sur 20

Statistiques - réponses

Réponse% Correct
Lady Diana
97%
Charlie Chaplin
94%
Winston Churchill
91%
Elisabeth II
89%
David Beckham
88%
Emma Watson
87%
John Lennon
87%
David Bowie
78%
Reine Victoria
78%
Ed Sheeran
75%
William Shakespeare
74%
Margaret Thatcher
72%
Charles Darwin
58%
Orlando Bloom
58%
Sean Connery
53%
Paul McCartney
51%
Isaac Newton
49%
Richard Cœur de Lion
37%
James Cook
15%
J. R. R. Tolkien
9%

Distribution des résultats

Percentile par nombre de réponses

% des personnes avec chaque résultat

Votre développement - résultats

Vous n’avez pas pris ce quiz